00755nam a2200217 a 450000100060000000300080000600500170001400800410003102000150007202000210008703500200010804000350012804100080016308200280017110000240019924501270022326000540035030000350040450400510043965000470049042508BD-RjUL20211209053542.0160613s1973 dcub b 001 0 eng d a0815782160 a0815782152 (pbk) a(BD-RjUL) 42626 aBD-RjULbengcBD-RjULdBD-RjUL aeng a324.27309223bSUD 19731 aSundquist, James L.10aDynamics of the party system :balignment and realignment of political parties in the United States /cJames L. Sundquist. aWashington, D.C :bBrookings Institution,cc1973. axiii, 388 p. :bill. ;c24 cm. aIncludes bibliographical references and index. 0aPolitical partieszUnited StatesxHistory.